000 00308nam a22001337a 4500
008 170825b xxu||||| |||| 00| 0 eng d
020 _a9781933005263
041 _aeng
080 _a070
100 _a39
101 _aMAT
245 _aCOMMUNICATION RESEARSH STYLE MANUAL
_cSPARKS.L
942 _2udc
_cBK
999 _c25024
_d25024